00770cam a22002054a 4500020001500000040000800015041000800023082002600031100002700057245004400084260006800128300003200196650001800228650002900246856006300275856005500338942000700393999001700400952014700417 a0521331498 cDLC1 hfre00a330 CAM 2000 A066 Or.1 aGourieroux, Christian,10aEconometrics of qualitative variables / aCambridge, UK ;aNew York :bCambridge University Press,c2000. ax, 372 p. :bill. ;c24 cm. 0aEconometrics. 0aEconomics, Mathematical.42uhttp://www.loc.gov/catdir/description/cam021/00029263.html41uhttp://www.loc.gov/catdir/toc/cam026/00029263.html cEK c14151d14151 0010406330_000000000000000_CAM_2000_A066_OR70965987aLBAbLBAcA066d2017-10-07o330 CAM 2000 A066 Or.pA14220r2017-10-07w2017-10-07yEK